000 00585nam a2200229Ia 4500
003 OSt
005 20220912153228.0
006 a|||||r|||| 00| 0
007 ta
008 220909b |||||||| |||| 00| 0 eng d
024 _a955
037 _cAnnuals, Advances
040 _aCSL
_beng
_cCSL
041 _aeng
082 _aY4.1.N7, L7
100 _aTreiman Donald J
245 0 _aOccupational prestige in commparatime perspective
260 _c1977
300 _ap.
_ccm.
942 _hY4.1.N7, L7
_cREF
_2CC
999 _c99390
_d99390